000 00926 a2200229 4500
005 20260311142606.0
008 260311b |||||||| |||| 00| 0 eng d
020 _a8170167787 (hbk)
037 _cTB
040 _aCRL
_cCRL
041 _2hin
_ahin
084 _aO152,3N40x Q3
_qCRL
100 _aकोहली, नरेन्द्र
_9864294
245 _aदस प्रतिनिधि कहानियाँ
260 _aनयी दिल्ली, भारत:
_bकिताबघर प्रकाशन,
_c2013.
300 _a131पृ.
365 _b200.00
_cINR
650 _aहिन्दी कहानी
650 _aहिन्दी साहित्य
942 _cTB
_2CC
_hO152,3N40x Q3
999 _c1467633
_d1467633